ELETRONICS DEVICES AND CIRCUITS (Record no. 6534)
[ view plain ]
| 000 -LEADER | |
|---|---|
| fixed length control field | 00507nam a2200241Ia 4500 |
| 001 - CONTROL NUMBER | |
| control field | 072618 |
| 003 - CONTROL NUMBER IDENTIFIER | |
| control field | YMCAF |
| 005 - DATE AND TIME OF LATEST TRANSACTION | |
| control field | 20230512160809.0 |
| 008 - FIXED-LENGTH DATA ELEMENTS--GENERAL INFORMATION | |
| fixed length control field | 100717s1997 ||||||||||||||||| ||und|d |
| 020 ## - INTERNATIONAL STANDARD BOOK NUMBER | |
| International Standard Book Number | - |
| 024 ## - OTHER STANDARD IDENTIFIER | |
| Standard number or code | 72618 |
| 035 ## - SYSTEM CONTROL NUMBER | |
| System control number | 12081 |
| 040 ## - CATALOGING SOURCE | |
| Original cataloging agency | YMCAF |
| Language of cataloging | eng |
| Transcribing agency | IN-KoLT |
| 041 ## - LANGUAGE CODE | |
| Language code of text/sound track or separate title | eng |
| 082 ## - DEWEY DECIMAL CLASSIFICATION NUMBER | |
| Classification number | 621.381 |
| Item number | 33 MIL |
| 100 ## - MAIN ENTRY--PERSONAL NAME | |
| Personal name | MILLMAN, HALKIUS |
| 245 #0 - TITLE STATEMENT | |
| Title | ELETRONICS DEVICES AND CIRCUITS |
| 250 ## - EDITION STATEMENT | |
| Edition statement | - |
| 260 ## - PUBLICATION, DISTRIBUTION, ETC. | |
| Name of publisher, distributor, etc. | TMH |
| Date of publication, distribution, etc. | 1997 |
| 653 ## - INDEX TERM--UNCONTROLLED | |
| Uncontrolled term | - |
| 653 ## - INDEX TERM--UNCONTROLLED | |
| Uncontrolled term | - |
| 942 ## - ADDED ENTRY ELEMENTS (KOHA) | |
| Source of classification or shelving scheme | Dewey Decimal Classification |
| Koha item type | Books |
| Withdrawn status | Lost status | Damaged status | Not for loan | Home library | Current library | Date acquired | Cost, normal purchase price | Total Checkouts | Barcode | Date last seen | Date last checked out | Cost, replacement price | Price effective from | Koha item type | Public note | G | Total Renewals |
|---|---|---|---|---|---|---|---|---|---|---|---|---|---|---|---|---|---|
| JC Bose University of Science & Technology | JC Bose University of Science & Technology | 17/07/2010 | 199.00 | 1 | 12090 | 26/12/2023 | 21/12/2023 | 199.00 | 12/05/2023 | Books | C | 1437 | |||||
| JC Bose University of Science & Technology | JC Bose University of Science & Technology | 17/07/2010 | 199.00 | 1 | 12081 | 15/12/2025 | 14/11/2025 | 199.00 | 12/05/2023 | Books | C | 1437 | 1 | ||||
| Lost | JC Bose University of Science & Technology | JC Bose University of Science & Technology | 17/07/2010 | 199.00 | 12082 | 12/05/2023 | 199.00 | 12/05/2023 | Books | C | 1437 | ||||||
| JC Bose University of Science & Technology | JC Bose University of Science & Technology | 17/07/2010 | 199.00 | 12083 | 12/05/2023 | 199.00 | 12/05/2023 | Books | C | 1437 | |||||||
| JC Bose University of Science & Technology | JC Bose University of Science & Technology | 17/07/2010 | 199.00 | 12084 | 12/05/2023 | 199.00 | 12/05/2023 | Books | C | 1437 | |||||||
| Lost | JC Bose University of Science & Technology | JC Bose University of Science & Technology | 17/07/2010 | 199.00 | 12085 | 12/05/2023 | 199.00 | 12/05/2023 | Books | C | 1437 | ||||||
| Lost | JC Bose University of Science & Technology | JC Bose University of Science & Technology | 17/07/2010 | 199.00 | 12086 | 12/05/2023 | 199.00 | 12/05/2023 | Books | C | 1437 | ||||||
| Lost | JC Bose University of Science & Technology | JC Bose University of Science & Technology | 17/07/2010 | 199.00 | 12087 | 12/05/2023 | 199.00 | 12/05/2023 | Books | C | 1437 | ||||||
| JC Bose University of Science & Technology | JC Bose University of Science & Technology | 17/07/2010 | 199.00 | 12088 | 12/05/2023 | 199.00 | 12/05/2023 | Books | C | 1437 | |||||||
| JC Bose University of Science & Technology | JC Bose University of Science & Technology | 17/07/2010 | 199.00 | 12089 | 12/05/2023 | 199.00 | 12/05/2023 | Books | C | 1437 |